000
00211 a2200097 4500
001
3898
100
_a
Slurzerg, M
245
_a
Essential of radio electronics
260
_a
_b
Mcgrawhill
_c
090
_c
3128
_d
3128
942
_a
NUST-CAE
_c
M
_c
23647
999
_c
238971
_d
238971